Constitutional and political history of Uganda : (Record no. 174)

MARC details
000 -LEADER
fixed length control field 00894cam a2200277 a 4500
001 - CONTROL NUMBER
control field 12972888
003 - CONTROL NUMBER IDENTIFIER
control field OSt
005 - DATE AND TIME OF LATEST TRANSACTION
control field 20190617162151.0
008 - FIXED-LENGTH DATA ELEMENTS--GENERAL INFORMATION
fixed length control field 020820s2002 ug b 001 0 eng
010 ## - LIBRARY OF CONGRESS CONTROL NUMBER
LC control number 2002345645
035 ## - SYSTEM CONTROL NUMBER
System control number (DLC) 2002345645
040 ## - CATALOGING SOURCE
Original cataloging agency DLC
Transcribing agency DLC
Modifying agency DLC
042 ## - AUTHENTICATION CODE
Authentication code lcode
043 ## - GEOGRAPHIC AREA CODE
Geographic area code f-ug---
050 00 - LIBRARY OF CONGRESS CALL NUMBER
Classification number KTW172
Item number .K36 2002
082 ## - DEWEY DECIMAL CLASSIFICATION NUMBER
Classification number 342.0296761
Edition number 21 ed.
Item number KAN
100 1# - MAIN ENTRY--PERSONAL NAME
Personal name Kanyeihamba, George W.
9 (RLIN) 495
245 10 - TITLE STATEMENT
Title Constitutional and political history of Uganda :
Remainder of title from 1894 to the present /
Statement of responsibility, etc G.W. Kanyeihamba.
260 ## - PUBLICATION, DISTRIBUTION, ETC. (IMPRINT)
Place of publication, distribution, etc Kampala :
Name of publisher, distributor, etc Centenary Pub. House,
Date of publication, distribution, etc 2002.
300 ## - PHYSICAL DESCRIPTION
Extent xi, 345 p. ;
Dimensions 24 cm.
504 ## - BIBLIOGRAPHY, ETC. NOTE
Bibliography, etc Includes bibliographical references (p. 334-339) and index.
650 #0 - SUBJECT ADDED ENTRY--TOPICAL TERM
Topical term or geographic name as entry element Constitutional history
Geographic subdivision Uganda.
9 (RLIN) 496
906 ## - LOCAL DATA ELEMENT F, LDF (RLIN)
a 7
b cbc
c origode
d 3
e ncip
f 20
g y-gencatlg
942 ## - ADDED ENTRY ELEMENTS (KOHA)
Source of classification or shelving scheme Dewey Decimal Classification
Item type Books
Holdings
Withdrawn status Lost status Source of classification or shelving scheme Damaged status Not for loan Home library Current library Shelving location Date acquired Total Checkouts Full call number Barcode Date last seen Price effective from Koha item type
    Dewey Decimal Classification     Law Development Centre Main Library Law Development Centre Main Library Text Books and Laws 04/09/2011   342.0296761 KAN 03802 04/09/2011 04/09/2011 Books